[Event "Tunja Boyaca op-B"]
[Site "Tunja"]
[Date "2019.08.01"]
[Round "3"]
[White "Ceron Ochoa, Danna Isabela"]
[Black "Carrillo Riano, Karen Sofia"]
[Result "0-1"]
[WhiteElo "1116"]
[BlackElo "1457"]
[PlyCount "38"]
[EventDate "2019.07.31"]
[EventType "swiss"]
[EventRounds "9"]
[EventCountry "COL"]
[SourceTitle "EXT 2020"]
[Source "ChessBase"]
[SourceDate "2019.10.17"]
[SourceVersion "1"]
[SourceVersionDate "2019.10.17"]
[SourceQuality "1"]

1. e4 e5 2. Nf3 Nc6 3. Nc3 Nf6 4. d3 Be7 5. Be2 0-0 6. 0-0 d5 7. Be3 d4 8. Bd2 dxc3 9. Bxc3 Bd6 10. Re1 Re8 11. Ng5 h6 12. Nf3 Bg4 13. h3 Bh5 14. Nd2 Bxe2 15. Qxe2 Nd4 16. Qd1 Nd7 17. Nc4 Qf6 18. Qd2 Nf8 19. Rac1 Ng6 0-1

[Event "COL-ch U12 sf1"]
[Site "Duitama"]
[Date "2019.04.12"]
[Round "3.20"]
[White "Raigoso Gonzalez, Sharick Lorena"]
[Black "Ceron Ochoa, Danna Isabela"]
[Result "1-0"]
[WhiteElo "1304"]
[BlackElo "1202"]
[PlyCount "53"]
[EventDate "2019.04.11"]
[EventType "swiss"]
[EventRounds "6"]
[EventCountry "COL"]
[SourceTitle "EXT 2024"]
[Source "ChessBase"]
[SourceDate "2023.10.10"]
[SourceVersion "1"]
[SourceVersionDate "2023.10.10"]
[SourceQuality "1"]

1. e4 e5 2. Nf3 Nc6 3. Bc4 Nf6 4. Nc3 Be7 5. 0-0 0-0 6. a3 d6 7. d3 Bg4 8. h3 Be6 9. Nd5 Na5 10. Nxe7+ Qxe7 11. Bxe6 Qxe6 12. Bd2 b6 13. Ng5 Qe7 14. Nf3 h6 15. d4 exd4 16. Re1 Nxe4 17. Nxd4 Qe5 18. c3 Nc4 19. Nf3 Qd5 20. Be3 Qc6 21. Nd4 Qd5 22. Qg4 Rfe8 23. Nf5 Qe5 24. Bd4 h5 25. Qxh5 g6 26. Qh4 Qxf5 27. Qh8# 1-0